| 000 | 01587namaa22003251i 4500 | ||
|---|---|---|---|
| 005 | 20260521130044.0 | ||
| 008 | 260521s1994 ua a|||frm||| 000 0 eng d | ||
| 040 |
_aEG-GICUC _beng _cEG-GICUC _dEG-GICUC _erda |
||
| 041 | 0 |
_aeng _beng _bara |
|
| 049 | _aDeposit | ||
| 097 | _aM.Sc | ||
| 099 | _aCai01.09.09.M.Sc.1994.Ma.A | ||
| 100 | 0 |
_aMahmoud Ezzat El Alaily, _epreparation. |
|
| 245 | 1 | 0 |
_aAssessment of a new development in ceramic cervical margins, in comparison with two currently used designs in ceramometal restorations / _cBy Mahmoud Ezzat El Alaily ; Supervisors Prof. Dr. Hany H. Nasr, Dr. Mohamed B. El Kholi, Dr. Badawi A. Badawi |
| 246 | 1 | 5 | _a دراسة لتقييم تصميم مطور لحواف التيجان المعدنية المكسوة بالبورسلين مقارنة بتصميمين متداولين حاليا |
| 264 | 0 | _c1994. | |
| 300 |
_a103 Leaves _billustrations _c30 cm. + |
||
| 336 |
_2rda content _atext |
||
| 337 |
_2rdamedia _aUnmediated |
||
| 338 |
_2rdacarrier _avolume |
||
| 502 | _aThesis (M.Sc.)-Cairo University, 1994. | ||
| 504 | _aBibliography: pages 90-103 | ||
| 653 | 0 |
_anew development in ceramic cervical margins _acomparison with two currently used designs in ceramometal restorations |
|
| 700 | 0 |
_aHany H. Nasr _ethesis advisor. |
|
| 700 | 0 |
_aMohamed B. El Kholi _ethesis advisor. |
|
| 700 | 0 |
_aBadawi A. Badawi _ethesis advisor. |
|
| 900 |
_DDepartment of Prosthodontics _FFaculty of Medicine _UCairo University _b1994. _cHany H. Nasr _cMohamed B. El Kholi _cBadawi A. Badawi |
||
| 905 | _aNehad | ||
| 942 |
_2ddc _cTH _e21 _n0 |
||
| 999 | _c180258 | ||